书目信息 |
| 题名: |
智能文本输入技术
|
|
| 作者: | 史元春 , 易鑫 , 喻纯 , 王运涛 著 | |
| 分册: | ||
| 出版信息: | 北京 科学出版社 2024.12 |
|
| 页数: | 217页 | |
| 开本: | 25cm | |
| 丛书名: | 新一代人工智能理论、技术及应用丛书 | |
| 单 册: | ||
| 中图分类: | TP391.14 | |
| 科图分类: | ||
| 主题词: | 文字处理--wen zi chu li--输入输出处理 | |
| 电子资源: | ||
| ISBN: | 978-7-03-080651-2 | |
| 000 | 01736nam 2200349 450 | |
| 001 | 93537 | |
| 005 | 20250819101806.80 | |
| 010 | @a978-7-03-080651-2@b精装@dCNY150.00 | |
| 099 | @aCAL 012025012102 | |
| 100 | @a20250402d2024 em y0chiy50 ea | |
| 101 | 0 | @achi |
| 102 | @aCN@b110000 | |
| 105 | @aa a 000yy | |
| 106 | @ar | |
| 200 | 1 | @a智能文本输入技术@Azhi neng wen ben shu ru ji shu@f史元春 ... [等] 著 |
| 210 | @a北京@c科学出版社@d2024.12 | |
| 215 | @a217页@c图@d25cm | |
| 225 | 2 | @a新一代人工智能理论、技术及应用丛书@Axin yi dai ren gong zhi neng li lun 、 ji shu ji ying yong cong shu |
| 300 | @a国家出版基金项目 “十四五”时期国家重点出版物出版专项规划项目 | |
| 304 | @a题名页题其余责任者: 易鑫, 喻纯, 王运涛 | |
| 314 | @a史元春, 女, 汉族, 1967年1月出生, 中国计算机学会会士, 中国人工智能学会会士, 青海大学党委副书记、校长。史元春的主要研究方向为人机交互、人机混合智能、普适计算、多媒体、网络教育技术等。已在核心刊物发表学术论文多篇。 | |
| 320 | @a有书目 | |
| 330 | @a本书针对文本输入这一最基本的人机交互任务, 较全面地介绍了当今的智能文本输入技术, 内容涵盖了文本输入中的点击行为建模、离散输入信号的意图推理方法、连续输入信号的意图推理方法以及文本输入技术的扩展与应用等方面, 并通过对触屏软键盘、空中虚拟键盘、智能终端、可穿戴设备、虚拟/增强现实等典型交互接口上的文本输入应用样例进行介绍和分析, 阐述如何针对具体的交互接口设计实现智能文本输入技术。 | |
| 410 | 0 | @12001 @a新一代人工智能理论、技术及应用丛书 |
| 606 | 0 | @a文字处理@Awen zi chu li@x输入输出处理 |
| 690 | @aTP391.14@v5 | |
| 701 | 0 | @a史元春@Ashi yuan chun@4著 |
| 701 | 0 | @a易鑫@Ayi xin@4著 |
| 701 | 0 | @a喻纯@Ayu chun@4著 |
| 701 | 0 | @a王运涛@Awang yun tao@4著 |
| 801 | 0 | @aCN@c20250909 |
| 905 | @a河南城建学院图书馆@dTP391.14@eS590@f1 | |
| 智能文本输入技术/史元春 ... [等] 著.-北京:科学出版社,2024.12 |
| 217页:图;25cm.-(新一代人工智能理论、技术及应用丛书) |
| 国家出版基金项目 “十四五”时期国家重点出版物出版专项规划项目 |
| ISBN 978-7-03-080651-2(精装):CNY150.00 |
| 本书针对文本输入这一最基本的人机交互任务, 较全面地介绍了当今的智能文本输入技术, 内容涵盖了文本输入中的点击行为建模、离散输入信号的意图推理方法、连续输入信号的意图推理方法以及文本输入技术的扩展与应用等方面, 并通过对触屏软键盘、空中虚拟键盘、智能终端、可穿戴设备、虚拟/增强现实等典型交互接口上的文本输入应用样例进行介绍和分析, 阐述如何针对具体的交互接口设计实现智能文本输入技术。 |
| ● |
| 相关链接 |
|
|
|
正题名:智能文本输入技术
索取号:TP391.14/S590
 
预约/预借
| 序号 | 登录号 | 条形码 | 馆藏地/架位号 | 状态 | 备注 |
| 1 | 1627495 | 216274957 | 自科库301/301自科库 64排2列5层/ [索取号:TP391.14/S590] | 在馆 |